Communes du Loir et Cher - Statistiques

Statistiques générales
  • Ce quiz a été pris 118 fois
  • Le résultat moyen est 39 sur 303
Statistiques - réponses
Hint Réponse % Correct
41018 Blois
99%
41269 Vendome
86%
41194 Romorantin Lanthenay
77%
41034 Chambord
63%
41295 Vineuil
59%
41136 Mer
57%
41198 Saint Aignan
52%
41050 Cheverny
44%
41151 Montrichard
44%
41232 Salbris
44%
41059 Contres
43%
41106 Lamotte Beuvron
43%
41047 La Chaussée Saint Victor
42%
41242 Selles sur Cher
40%
41149 Montoire sur le Loir
38%
41150 Mont Près Chambord
37%
41067 Cour Cheverny
35%
41167 Onzain
33%
41212 Saint Gervais la Forêt
33%
41045 Chaumont sur Loire
32%
41025 Bracieux
31%
41030 Cellé
31%
41276 Villebarou
31%
41032 Chailles
28%
41154 Morée
28%
41226 Saint Ouen
28%
41161 Nouan le Fuzelier
27%
41171 Oucques
27%
41031 Cellettes
26%
41157 Mur de Sologne
26%
41220 Saint Laurent Nouan
26%
41185 Pruniers en sologne
25%
41052 Chitenay
23%
41164 Noyers sur Cher
23%
41199 Saint Amand Longpré
23%
41101 Herbault
22%
41104 Huisseau sur Cosson
22%
41040 La Chapelle Vendomoise
22%
41158 Naveil
22%
41159 Neung sur Beuvron
22%
41280 Villefranche sur Cher
22%
41123 Marchenoir
21%
41143 Mondoubleau
21%
41262 Tour en Sologne
21%
41265 Trôo
21%
41288 Villerbon
21%
41091 Fossé
20%
41095 Fréteval
20%
41010 Azé
19%
41029 Candé sur Beuvron
19%
41046 Chaumont sur Tharonne
19%
41073 Danzé
19%
41075 Droué
19%
41113 Lavardin
19%
41241 Selles Saint Denis
19%
41016 Billy
17%
41097 Gièvres
17%
41147 Les Montils
17%
41142 Molineuf
17%
41211 Saint Georges sur Cher
17%
41238 Savigny sur Braye
17%
41249 Souesmes
17%
Veuzain sur Loire
17%
41294 Villiers sur Loir
17%
41049 Chémery
16%
41074 Dhuizon
16%
41078 Epuisay
16%
41088 Fontaine en Sologne
16%
41083 La Ferté Beauharnais
16%
Le Controis en Sologne
16%
41155 Muides sur Loire
16%
41173 Ouzouer le Marché
16%
41230 Saint Sulpice de Pommeray
16%
41252 Suèvres
16%
41055 Chouzy sur Cisse
15%
41061 Cormeray
15%
41109 Landes le Gaulois
15%
41134 Menars
15%
41137 Mesland
15%
41145 Monthou sur Bièvre
15%
41180 Pontlevoy
15%
41207 Saint Dyé sur Loire
15%
41253 Talcy
15%
41259 Thorée la Rochette
15%
41272 Veuves
15%
41051 Chissay en Touraine
14%
41093 Françay
14%
41084 La Ferté Imbault
14%
41085 La Ferté Saint Cyr
14%
41129 Maslives
14%
41135 Mennetou sur Cher
14%
41148 Montlivault
14%
41160 Neuvy
14%
41169 Orchaise
14%
41200 Sainte Anne
14%
41218 Saint Julien sur Cher
14%
41246 Soeur
14%
41296 Vouzon
14%
Beauce la Romaine
12%
41023 Bourré
12%
41033 Chambon sur Cisse
12%
41044 Châtres sur Cher
12%
41092 Fougères sur Bièvre
12%
41094 Fresnes
12%
41041 La Chapelle Vicomtesse
12%
41120 Lunay
12%
41131 Mazangé
12%
41140 Millancay
12%
41144 Monteaux
12%
41175 Pezou
12%
41176 Pierrefitte sur Sauldre
12%
41204 Saint Claude de Diray
12%
41221 Saint Léonard en Beauce
12%
41234 Santenay
12%
41235 Sargé sur Braye
12%
41247 Soings en Sologne
12%
Valloire sur Cisse
12%
41002 Angé
11%
41007 Authon
11%
41013 Bauzy
11%
41017 Binas
11%
41024 Boursay
11%
41053 Choue
11%
41060 Cormenon
11%
41080 Faverolles sur Cher
11%
41127 La Marolle en Sologne
11%
41128 Marolles
11%
41166 Oisly
11%
41228 Saint Rimay
11%
41231 Saint Viâtre
11%
41233 Sambin
11%
41243 Selommes
11%
41248 Souday
11%
41258 Thésée
11%
Valencisse
11%
41028 Busloup
10%
41062 Couddes
10%
41070 Couture sur Loir
10%
41090 Fortan
10%
41125 Marcilly en Gault
10%
41130 Maves
10%
41138 Meslay
10%
41181 Pouillé
10%
41206 Saint Denis sur Loire
10%
41223 Saint lubin en Vergonnois
10%
41225 saint Martin des Bois
10%
41251 Souvigny en Sologne
10%
41271 Vernou en Sologne
10%
41278 Villechauve
10%
41281 Villefrancoeur
10%
41290 Villeromain
10%
41297 Yvoy le Marron
10%
41005 Arville
9%
41008 Avaray
9%
41009 Averdon
9%
41036 Chaon
9%
41054 Choussy
9%
41068 Courmemin
9%
41072 Crucheray
9%
41098 Gombergean
9%
41099 Gy en Sologne
9%
41089 La Fontenelle
9%
41110 Langon sur Cher
9%
41275 La Ville aux Clercs
9%
41254 Le Temple
9%
41152 Montrieux en Sologne
9%
41170 Ouchamps
9%
41182 Pray
9%
41197 Saint Agil
9%
41209 Saint Firmin des Près
9%
41229 Saint Romain sur Cher
9%
41237 Sassay
9%
41240 Seillac
9%
41263 Tréhet
9%
41267 Vallières les Grandes
9%
41285 Villeny
9%
41292 Villexanton
9%
41293 Villiersfaux
9%
41001 Ambloy
7%
41003 Areines
7%
41022 Bouffry
7%
41035 Champigny en Beauce
7%
41042 Chateauvieux
7%
41043 Chatillon sur Cher
7%
Couëtron au Perche
7%
41064 Coulanges
7%
41066 Courbouzon
7%
41071 Crouy sur Cosson
7%
41082 Feings
7%
41087 Fontaine Raoul
7%
41102 Houssay
7%
41103 Huisseau en Beauce
7%
41107 Lancé
7%
41096 Le Gault du Perche
7%
41177 Le Plessis Dorin
7%
41179 Le Poislay
7%
41114 Lestiou
7%
41116 Lisle
7%
41132 Méhers
7%
41141 Moisy
7%
Montrichard Val de Cher
7%
41163 Nourray
7%
Oucques la Nouvelle
7%
41186 Rahart
7%
41189 Rilly sur Loire
7%
41201 Saint Arnoult
7%
41202 Saint Avit
7%
41213 Saint Gourgon
7%
41214 Saint Hilaire la Gravelle
7%
41216 Saint Jean Froidmentel
7%
41219 Saint Laurent des Bois
7%
41256 Theillay
7%
41282 Villeherviers
7%
41287 Villerable
7%
41291 Villetrun
7%
41004 Artins
6%
41012 Baillou
6%
41014 Beauchene
6%
41063 Couffy
6%
41069 Cour sur Loire
6%
41086 Fontaine Les Côteaux
6%
41105 Josnes
6%
41038 La Chapelle Montmartin
6%
41108 Lancôme
6%
41112 Lassay sur Croisne
6%
41178 Le Plessis l'Echelle
6%
41192 Les Roches l'Evêque
6%
41115 Lignières
6%
41126 Mareuil sur Cher
6%
41146 Monthou sur Cher
6%
41184 Prunay Cassereau
6%
41191 Roches
6%
41193 Romilly
6%
41195 Rougeou
6%
41224 Saint Marc du Cor
6%
41260 Thoury
6%
Vallée de Ronsard
6%
41268 Veilleins
6%
41273 Viévy le Rayé
6%
41279 Villedieu le Chateau
6%
41283 Villemardy
6%
41065 Coulommiers la Tour
5%
41039 La Chapelle Saint Martin en Plaine
5%
41121 La Madeleine Villefrouin
5%
41118 Loreux
5%
41124 Marcilly en Beauce
5%
41139 Meusnes
5%
41156 Mulsans
5%
41165 Oigny
5%
41168 Orçay
5%
41172 Ouzouer le Doyen
5%
41187 Renay
5%
41203 Saint Bohaire
5%
41208 Saint Etienne des Guérets
5%
41215 Saint Jacques des Guérets
5%
41217 Saint Julien de Chédon
5%
41222 Saint Loup
5%
41239 Seigy
5%
41250 Sougé
5%
41261 Tourailles
5%
41274 Villavard
5%
41006 Autainville
4%
41020 Bonneveau
4%
41057 Conan
4%
41058 Concriers
4%
41077 Epiais
4%
41081 Faye
4%
41037 La Chapelle Enchérie
4%
41079 Les Essarts
4%
41122 Maray
4%
41153 Montrouveau
4%
41174 Perrigny
4%
41188 Rhodon
4%
41190 Rocé
4%
41205 Saint Cyr du Gault
4%
41236 Sasnières
4%
41245 Séris
4%
41257 Thenay
4%
41277 Villebout
4%
41284 Villeneuve Frouville
4%
41286 Villeporcher
4%
41289 Villermain
4%
41011 Baigneaux
2%
41015 Beauvilliers
2%
41019 Boisseau
2%
41026 Brévainville
2%
41027 Briou
2%
41076 Ecoman
2%
41021 La Bosse
2%
41056 La Colombe
2%
41100 Les Hayes
2%
41119 Lorges
2%
41196 Ruan sur Egvonne
2%
41210 Sainte Gemmes
2%
41255 Ternay
2%
41264 Tripleville
2%
41270 Verdes
2%
41048 Chauvigny au Perche
1%
41227 Saint Quentin lèsTrôo
1%
41244 Semerville
1%
41133 Membrolles
0%
41183 Prénouvellon
0%
41265 Valaires
0%
Aucun quiz correspondant
Distribution des résultats
% des personnes avec chaque résultat
Percentile par nombre de réponses
Votre historique - résultats
Vous n’avez pas pris ce quiz